Państwa które pokonują Austrię - Statystyki

Ogólne statystyki
  • Ten quiz został rozwiązany 36 razy
  • Średni wynik to 14 z 15
Statystyki odpowiedzi
Ranking Kategoria Państwo % Poprawnych
5 Najbardziej wysunięte na zachód państwo na literę A Argentyna / Antigua i Barbuda / Algieria / Andora
100%
4 Państwo europejskie z największą liczbą sąsiadów Rosja / Francja / Niemcy
100%
4 Największe państwo leżące na Alpach Francja / Niemcy / Włochy
97%
8 Najczęściej odwiedzane przez JetPunkerów Francja / Stany Zjednoczone / Wielka Brytania / Niemcy / Włochy / Hiszpania / Holandia
97%
18 Najwięcej zdobywców Mount Everest Nepal / Stany Zjednoczone / Chiny / Wielka Brytania / Indie / Japonia / Rosja / Korea Południowa / Kanada / Francja / Australia / Hiszpania / Nowa Zelandia / Włochy / Niemcy / Szwajcaria / Meksyk
97%
18 Państwo produkujące najwięcej sera Stany Zjednoczone / Niemcy / Francja / Włochy / Holandia / Polska / Rosja / Egipt / Kanada / Wielka Brytania / Dania / Argentyna / Nowa Zelandia / Australia / Iran / Hiszpania / Irlandia
97%
4 Najbliższe niegraniczące państwo do Polski Węgry / Dania / Rumunia
97%
2 Państwo europejskie pijące najwięcej piwa Czechy
94%
3 Państwo które ostatnio kontrolowało Transylwanię Rumunia / Węgry
94%
3 Najdłuższa granica z Węgrami Słowacja / Rumunia
94%
3 Największa liczba osób mówiących po czesku (nie licząc Czech) Słowacja / Stany Zjednoczone / Kanada
94%
8 Najwcześniejsze ogłoszenie neutralności Szwajcaria / Szwecja / Liechtenstein / Luksemburg / Watykan / Irlandia / Kostaryka
94%
12 Najwyższa pozycja na EURO 2020 (nie licząc terytoriów zależnych) Włochy / Hiszpania / Dania / Belgia / Czechy / Szwajcaria / Ukraina / Holandia / Szwecja / Francja
94%
2 Najbardziej wysunięte na południe państwo germańskie Szwajcaria
85%
5 Najbezpieczniejsze państwo na świecie Islandia / Dania / Irlandia / Nowa Zelandia
76%
Nie znaleziono quizów pasujących do podanych kryteriów
Rozkład punktacji
Procent ludzi z każdym wynikiem
Percentyl według liczby udzielonych odpowiedzi
Twoja historia wyników
Nie rozwiązałeś tego quizu